第3回マリオカートにじさんじ杯の二つ名からライバー名を当てよう - Statistics

General Stats
  • This quiz has been taken 25 times
  • The average score is 45 of 78
Answer Stats
二つ名 ライバー名 % Correct
爆走若女将 小野町春香
100%
漆黒の捕食者《ダークネス・イーター》 鈴木勝
100%
開かれた異界の扉 でびでび・でびる
100%
勝利を生み出す錬金術 アンジュ・カトリーナ
100%
勝ちを奪い取る魅惑の怪盗 ルイス・キャミー
91%
最強のおじさん 舞元啓介
91%
英雄 エクス・アルビオ
91%
光速の皇女 リゼ・ヘルエスタ
91%
快速(疾風怒濤)の"走(らん)"姉ちゃん 早瀬走
91%
すくすく育つんだぞ(天駆ける龍の巫女) 天宮こころ
91%
ショタコン・オブ・ザ・レッド 三枝明那
91%
超速小熊猫(レッサーパンダ) ラトナ・プティ
91%
シンガーソングドリーマー 夢追翔
91%
地雷系サキュバスプリンセス 魔界ノりりむ
91%
全てを欺く(だます)グウェル劇場 グウェル・オス・ガール
91%
スノー・ホワイト・パラダイス・エルサント・フロウ・ワスレナ・ピュア・プリンセス・リーブル・ラブ・ハイデルン・ドコドコ・ヤッタゼ・ヴァルキュリア・パッション・アールヴ・ノエル・チャコボシ・エルアリア・フロージア・メイドイン・ブルーム・ える
91%
今年の配信回数は4回 ギルザレンIII世
91%
勝っていただくドン・ペリニヨン 不破湊
82%
通勤快速ドライバー 社築
82%
可憐な獄卒 奈羅花
82%
砂の国のミリオンゴッド イブラヒム
82%
す き 鈴谷アキ
82%
勝率(アルコール度数)100% 竜胆尊
73%
一流の三下 椎名唯華
73%
サーキットに立つ白衣の天使 健屋花那
73%
セクシャルオーバーヒート 愛園愛美
73%
窮犬人を噛む 黒井しば
73%
女王のお戯れ 白雪巴
73%
生意気チワワ 雪城眞尋
73%
超一級忖度師 長尾景
64%
陰王 卯月コウ
64%
芽威譜流断差亞 樋口楓
64%
核弾頭 アルス・ザ・ビッグ
64%
虹の果て(で)にて待つ 月ノ美兎
64%
R.I.P(レスト・イン・ピース) 伏見ガク
64%
しくじり先生 郡道美玲
64%
ゴールに駆ける流れ星 空星きらめ
64%
脊椎反射の風神 山神カルタ
64%
変幻自在の道化師 ジョー・力一
64%
IQの向こう側 フレン・E・ルスタリオ
64%
僕のこと好き? 春崎エアル
55%
It’s showtime! 夜見れな
55%
神速の狩人
55%
復活の王者 成瀬鳴
55%
サーキットの歌姫 レヴィ・エリファ
55%
時空を越えたスピード 夕陽リリ
55%
Welcome to Wonderland 物述有栖
55%
白銀のポン 葉加瀬冬雪
55%
伝説の夜の覇者 葛葉
45%
神罰の代行者 シスター・クレア
45%
blossom fairy エリー・コニファー
45%
にじさんじのパンドラの箱 文野環
45%
3Dショタコン 三枝明那
45%
深海のアサシン 北小路ヒスイ
45%
逆襲のアギト 剣持刀也
36%
罪と罰 鈴鹿詩子
36%
返り咲いた虹の花 笹木咲
36%
強者は静かに笑う 神田笑一
36%
(にじさんじの)リアル・ショック・サスペンス シェリン・バーガンディ
27%
キュートなロックンロール 安土桃
27%
超人 相羽ういは
27%
開闢の使者 渋谷ハジメ
27%
自称天才のorokamono 魔使マオ
27%
萌え声スクリーマー 家長むぎ
27%
サーキット上でもトラックメーカー 弦月藤士郎
27%
後方P、先頭1位 飛鳥ひな
27%
感情の百花繚乱 本間ひまわり
27%
剛腕の令嬢 東堂コハク
27%
咲き誇る希望の花 町田ちま
27%
天の神様の言う通り フミ
27%
四輪ジョッキー ニュイ・ソシエール
27%
⚡️Invader girl⚡️ 桜凛月
27%
Supernova bitch 星川サラ
27%
ディスクジョッキー/サーキットレーサー 鷹宮リオン
18%
二刀流の侍 朝日南アカネ
18%
ボム兵のテロリスト 甲斐田晴
18%
車上のギタリスト 来栖夏芽
9%
サーキットの征服王 ベルモンド・バンデラス
0%
No matching quizzes found
Score Distribution
Percent of People with Each Score
Percentile by Number Answered
Your Score History
You have not taken this quiz